000 00423nam a2200157Ia 4500
008 230917s9999||||xx |||||||||||||| ||und||
020 _cPOU5.95
040 _e3599
_aMAIN
041 _aEnglish
082 _a320.942 B455M
100 _aBerkeley, Humphry John
245 0 _aMyth that will not die: The formation of the national government 1931
260 _aLondon
_bCroom Helm
_c1978
300 _a143 p.
942 _cBK
999 _c212472
_d212472